Zgadnij Youtubera po podpowiedzi - Statystyki

Ogólne statystyki
  • Ten quiz został rozwiązany 66 razy
  • Średni wynik to 4 z 5
Statystyki odpowiedzi
podpowiedź odpowiedź % Poprawnych
Najpopularniejszy w PL Friz
97%
2 najpopularniejszy w PL Blowek
93%
Nagrywa o jedzeniu (nie mr kryha) Książulo
88%
Wymyślił piosenke (zielone 1 itp) Palion
82%
Jest najpopularniejszym youtuberem ktory nagrywa o BS Damian
15%
Nie znaleziono quizów pasujących do podanych kryteriów
Rozkład punktacji
Procent ludzi z każdym wynikiem
Percentyl według liczby udzielonych odpowiedzi
Twoja historia wyników
Nie rozwiązałeś tego quizu